Tribhuvan University Central Library
Normal view MARC view
  • Bergersen, F.J. , ed.

Entry Personal Name

Number of records used in: 3

001 - CONTROL NUMBER

  • control field: 8436

003 - CONTROL NUMBER IDENTIFIER

  • control field: OSt

005 - DATE AND TIME OF LATEST TRANSACTION

  • control field: 20110105151015.0

008 - FIXED-LENGTH DATA ELEMENTS

  • fixed length control field: 110105|||a|||||| | ||| d

040 ## - CATALOGING SOURCE

  • Original cataloging agency: OSt
  • Transcribing agency: OSt

100 ## - HEADING--PERSONAL NAME

  • Personal name: Bergersen, F.J. , ed.

670 ## - SOURCE DATA FOUND

  • Source citation: Work cat.: (OSt): Bergersen, F.J. , ed., Methods for evaluating biological nitrogen fixation

670 ## - SOURCE DATA FOUND

  • Source citation: Work cat.: (OSt): Bergersen, F.J. , ed., Methods for evaluating biological nitrogen fixation